[Event "San Sebastian de los Reyes op 18th"]
[Site "San Sebastian"]
[Date "2016.12.11"]
[Round "9"]
[White "Guzman Castro, Enrique"]
[Black "Bombin Pinera, Dionisio"]
[Result "1-0"]
[WhiteElo "1742"]
[BlackElo "1956"]
[PlyCount "87"]
[EventDate "2016.12.03"]
[EventType "swiss"]
[EventRounds "9"]
[EventCountry "ESP"]
[SourceTitle "CBM 176 Extra"]
[Source "ChessBase"]
[SourceDate "2017.03.02"]
[SourceVersion "1"]
[SourceVersionDate "2017.03.02"]
[SourceQuality "1"]

1. d4 Nf6 2. Bg5 d5 3. Bxf6 exf6 4. e3 Bd6 5. c4 c6 6. Nc3 dxc4 7. Bxc4 0-0 8. Qc2 Qc7 9. Nf3 Bg4 10. Bd3 h6 11. h3 Bxf3 12. gxf3 Na6 13. a3 Qa5 14. Qd2 Nb4 15. Bb1 Rfd8 16. Ne4 c5 17. Ra2 Nc6 18. Qxa5 Nxa5 19. dxc5 Bc7 20. Nd2 Rd5 21. b4 Nc6 22. Be4 Rh5 23. Bxc6 bxc6 24. Ke2 a5 25. Rb2 Be5 26. Rb3 axb4 27. axb4 Ra2 28. f4 Bc7 29. Rd3 Rb2 30. Rd7 Rd5 31. Rxd5 cxd5 32. Rb1 Rxb1 33. Nxb1 d4 34. b5 dxe3 35. fxe3 Kf8 36. b6 Bd8 37. Nc3 Ke8 38. Nb5 Kd7 39. Nd4 Kc8 40. Kf3 Kb7 41. Ke4 Be7 42. Kd5 g5 43. Nf5 Bf8 44. Nd6+ 1-0

[Event "San Sebastian de los Reyes op 18th"]
[Site "San Sebastian"]
[Date "2016.12.07"]
[Round "5"]
[White "Arroyo Martinez, Fernando"]
[Black "Guzman Castro, Enrique"]
[Result "1/2-1/2"]
[WhiteElo "1967"]
[BlackElo "1742"]
[PlyCount "78"]
[EventDate "2016.12.03"]
[EventType "swiss"]
[EventRounds "9"]
[EventCountry "ESP"]
[SourceTitle "CBM 176 Extra"]
[Source "ChessBase"]
[SourceDate "2017.03.02"]
[SourceVersion "1"]
[SourceVersionDate "2017.03.02"]
[SourceQuality "1"]

1. e4 d5 2. exd5 Qxd5 3. Nc3 Qa5 4. d4 Nf6 5. Nf3 Bg4 6. h3 Bh5 7. g4 Bg6 8. Ne5 Nbd7 9. Nc4 Qa6 10. Bf4 Qe6+ 11. Be2 c6 12. Qd2 Nd5 13. Nxd5 Qxd5 14. f3 Nb6 15. Ne3 Qd7 16. 0-0-0 e6 17. h4 h6 18. h5 Bh7 19. Rhe1 Bd6 20. Nc4 Nxc4 21. Bxc4 0-0-0 22. Be3 Qc7 23. f4 Kb8 24. Kb1 Be4 25. Bb3 Bf3 26. Rc1 Bxg4 27. Rg1 Bxh5 28. Rxg7 Bg6 29. Bxe6 Qe7 30. f5 Qf6 31. Bxh6 Rxh6 32. Qxh6 Bf8 33. Rxg6 fxg6 34. Qxg6 Qxd4 35. f6 Qe3 36. Bb3 Bh6 37. Rg1 Bg5 38. Rf1 Qf2 39. Rh1 Qxf6 1/2-1/2

[Event "San Sebastian de los Reyes op 16th"]
[Site "San Sebastian"]
[Date "2014.12.01"]
[Round "2"]
[White "Martin Rodriguez, Jose Luis"]
[Black "Guzman Castro, Enrique"]
[Result "0-1"]
[WhiteElo "1411"]
[BlackElo "1610"]
[PlyCount "56"]
[EventDate "2014.11.30"]
[EventType "swiss"]
[EventRounds "9"]
[EventCountry "ESP"]
[SourceTitle "CBM 163 Extra"]
[Source "ChessBase"]
[SourceDate "2014.12.23"]
[SourceVersion "1"]
[SourceVersionDate "2014.12.23"]
[SourceQuality "1"]

1. e4 c6 2. d4 d5 3. Nc3 dxe4 4. Nxe4 Bf5 5. Ng3 Bg6 6. h4 h6 7. h5 Bh7 8. Nf3 Nd7 9. Bd3 Bxd3 10. Qxd3 e6 11. Bf4 Ngf6 12. Ne4 Nxe4 13. Qxe4 Qa5+ 14. c3 Nf6 15. Qe5 Qxe5+ 16. Bxe5 Be7 17. 0-0-0 Ng4 18. Rhf1 Bf6 19. Rde1 Bg5+ 20. Nxg5 hxg5 21. Bxg7 Rxh5 22. Re4 Rh7 23. Rxg4 Rxg7 24. f4 Ke7 25. fxg5 Rag8 26. Rgf4 Rf8 27. Rf6 Rxg5 28. Rxf7+ Rxf7 0-1